|
|
|
|
| LEADER |
00641cam a2200193 7i4500 |
| 001 |
0000003609 |
| 005 |
20170218090000.0 |
| 020 |
|
|
|a 020174144X (pbk.)
|
| 020 |
|
|
|a 9780201741445
|
| 090 |
0 |
0 |
|a QA76.76.T49
|b A47 2002
|
| 100 |
1 |
|
|a Alspach, Jennifer
|
| 245 |
1 |
0 |
|a PDF with Acrobat 5
|c Jennifer Alspach.
|
| 260 |
|
|
|a Berkeley:
|b Peachpit Press,
|c 2002.
|
| 300 |
|
|
|a xi, 290 p.:
|b ill.;
|c 23 cm.
|
| 490 |
0 |
|
|a Visual quickstart guide
|
| 500 |
|
|
|a Includes index
|
| 650 |
0 |
0 |
|a Portable document software
|
| 997 |
|
|
|a Communication, Visual Art & Computing, Faculty
|b Computing, Department
|
| 999 |
|
|
|a 0000006809
|b BOK
|c OPEN SHELF
|e 2nd Floor, Bestari Jaya
|